Movies Quiz

Random Movies or Clickable Quiz

5-Star Box Office Actors II Quiz Stats

 Plays Quiz Updated Feb 8, 2017

Challenge
Share
Tweet
Embed
Score 0/55 Timer 07:00
2 Plays Today
% Correct
Forrest Gump
97.7%
Cast Away
96.6%
Apollo 13
93.6%
Saving Private Ryan
92.9%
The Da Vinci Code
92.7%
The Godfather
89.4%
A Few Good Men
85.2%
Lincoln
84.7%
The Social Network
84.5%
As Good as It Gets
83.2%
The King's Speech
82.7%
Anger Management
81%
Gangs of New York
79.9%
Basic Instinct
79%
There Will Be Blood
77.3%
How to Lose a Guy in 10 Days
76.9%
Fatal Attraction
76.4%
Any Given Sunday
76.3%
The Last of the Mohicans
75.8%
The Departed
75.6%
Interstellar
73.8%
Kingsman: The Secret Service
72.2%
Zombieland
70.9%
Magic Mike
70.5%
Mad Max: Fury Road
68.1%
The Incredible Hulk
67.7%
Batman
66.8%
Now You See Me
66.1%
% Correct
Training Day
66%
The Dark Knight Rises
64.6%
The Revenant
59.4%
Mamma Mia!
58.2%
A Time to Kill
58.2%
The Wolf of Wall Street
57%
The War of the Roses
56.7%
The Italian Job
55.3%
Inception
54.5%
Dead Poets Society
54.1%
Batman v Superman: Dawn of Justice
54%
Red Dragon
49.9%
The Age of Innocence
49.8%
Shakespeare in Love
47.7%
Ant-Man
45.6%
Dick Tracy
45.2%
The Purge
45.1%
Traffic
45%
Ocean's Thirteen
44.8%
This Means War
41.1%
The Score
32.7%
Jack and Jill
32.6%
The Magnificent Seven
31.4%
The Bourne Legacy
30.7%
Sinister
28.9%
A Christmas Carol
27.3%
The Village
18.6%

You're not logged in!

Compare scores with friends on all Sporcle quizzes.
Join for Free
OR
Log In

You Might Also Like...

Show Comments

Extras

Top Quizzes Today


Score Distribution

Your Account Isn't Verified!

In order to create a playlist on Sporcle, you need to verify the email address you used during registration. Go to your Sporcle Settings to finish the process.

Report this User

Report this user for behavior that violates our Community Guidelines.

Details: